Regionálne disparity v Európskej únii

Podstata regionálnych disparít v kontexte Európskej únie a identifikácia aktuálneho stavu rozvoja regiónov členských štátov Únie na základe vybraných sociálno-ekonomických ukazovateľov. Vymedzenie a porovnanie jej najviac a najmenej rozvinutých štátov a regiónov a zhodnotenie, či regióny Únie zaznam...

Description complète

Enregistré dans:
Détails bibliographiques
Auteur principal: Draková, Silvia
Format: Chapitre de livre
Langue:slovaque
Sujets:
Tags: Ajouter un tag
Pas de tags, Soyez le premier à ajouter un tag!

MARC

LEADER 00000nla a2200000 4500
001 0158208
005 20240502072746.0
041 0 |a slo 
044 |a SK 
245 1 0 |a Regionálne disparity v Európskej únii  |c Silvia Draková 
520 |a Podstata regionálnych disparít v kontexte Európskej únie a identifikácia aktuálneho stavu rozvoja regiónov členských štátov Únie na základe vybraných sociálno-ekonomických ukazovateľov. Vymedzenie a porovnanie jej najviac a najmenej rozvinutých štátov a regiónov a zhodnotenie, či regióny Únie zaznamenávajú z hľadiska ekonomického rozvoja regiónov konvergentné alebo divergentné tendencie. 
610 2 0 |a politika regionálna 
610 2 0 |a Európska únia 
610 2 0 |a disparita 
610 2 0 |a rozvoj regionálny 
610 2 0 |a ukazovatele ekonomické 
610 2 0 |a ukazovatele sociálne 
100 1 |a Draková, Silvia